|
|
|
|
| LEADER |
01268nam a2200265 a 4500 |
| 001 |
GR-MES15168 |
| 008 |
070206s2001 gr b 000 0 gre d |
| 020 |
|
|
|a 9600214689
|
| 040 |
|
|
|a GrPaTEI
|b gre
|c GR-PaULI
|
| 040 |
|
|
|a GrPaTEI
|b gre
|c GR-PaULI
|
| 044 |
|
|
|b gr
|
| 082 |
|
0 |
|a 303.494
|2 21
|
| 100 |
1 |
|
|a Κιούκιας, Δημήτρης Κ.
|
| 245 |
1 |
0 |
|a Ευρωπαϊκά συστήματα πολιτικής και κοινωνικής οργάνωσης :
|b Οι πολιτικές των κραμάτων /
|c Δημήτρης Κιούκιας.
|
| 260 |
|
|
|a Αθήνα :
|b Παπαζήσης,
|c 2001
|
| 300 |
|
|
|a 120 σ. :
|b εικ ;
|c 21 εκ.
|
| 504 |
|
|
|a Περιλαμβάνει βιβλιογραφικές υποσημειώσεις.
|
| 650 |
|
4 |
|a ΑΝΘΡΩΠΙΝΕΣ ΣΧΕΣΕΙΣ
|
| 650 |
|
4 |
|a Εκπαίδευση και κράτος
|
| 650 |
|
4 |
|a Κοινωνικές επιστήμες
|
| 650 |
|
4 |
|a ΚΟΙΝΩΝΙΚΗ ΠΟΛΙΤΙΚΗ
|
| 942 |
|
|
|2 ddc
|
| 952 |
|
|
|0 0
|1 0
|2 ddc
|4 0
|6 303_494000000000000_ΚΙΟ
|7 0
|9 272980
|a MSLG
|b MSLG
|c BSC
|d 2021-01-17
|e 24
|f 0
|g 0.00
|l 0
|o 303.494 ΚΙΟ
|p 2420000023404
|r 2021-01-17 00:00:00
|t 1
|w 2021-01-17
|y BK15
|x 20090507 0 ΤΣΑΝΤΑΡΛΙΩΤΗ 1
|x GrPaTEI
|
| 971 |
|
|
|a .b25812178
|b 16-04-20
|c 13-09-16
|
| 999 |
|
|
|c 158008
|d 158008
|